000
00246nam a2200097Ia 4500
005
20251222114345.0
008
251222s1900||||xx |||||||||||||| ||spa||
082
_a
DVD194.3/T77/1994
245
0
_a
Curso de Corel Draw: diseño artístico:
942
_c
DVD
999
_c
1012
_d
1012